000 00626nam a2200181Ia 4500
008 100921s9999 xx 000 0 und d
082 _b22811
_a891.463 थ 86
100 _aमंगेशकर गीता.
245 _aहृदयशून्य.
260 _bप्रिया प्रकाशन, मुंबई.
_c1986
300 _a192
_bसावंत बुक एजन्सी
365 _b55
520 _aललित-कादंबरी.
630 _aहृदयशून्य.
650 _aललित-कादंबरी.
730 _aहृदयशून्य.
942 _cBOOK
999 _c771924
_d771921